| 000 | 01017nas a2200349 4500 | ||
|---|---|---|---|
| 001 | BR0301739 | ||
| 003 | BR-BrBNA | ||
| 005 | 20231205103657.0 | ||
| 007 | ta | ||
| 008 | 230509b bl.|||p| |||| 00| 00por d | ||
| 040 |
_aBR-BrBNA _bpor _cBiblioteca Nacional de Agricultura |
||
| 041 | _a(Pt) | ||
| 072 | _aT01; L72; L73 | ||
| 100 | 1 | _aBarbosa, O.F. | |
| 100 | 1 | _aRocha, U.F. | |
| 100 | 1 | _aCosta, A.J. da | |
| 100 | 1 | _aSilva, G.S. da | |
| 100 | 1 | _aSoares, V.E. | |
| 100 | 1 | _aSoccol, V.T. | |
| 100 | 1 | _aLandin, V.J.C. | |
| 245 | 1 | _aEnsaio com águas poluídas como veiculadoras de patógenas para bovinos | |
| 650 | _aBOVINO | ||
| 650 | _aPOLUIÇÃO DA ÁGUA | ||
| 650 | _aPATÓGENO | ||
| 650 | _aANÁLISE MICROBIOLÓGICA | ||
| 650 | _aANÁLISE DE LABORATÓRIO | ||
| 650 | _aMÉTODO | ||
| 650 | _aCISTICERCOSE | ||
| 773 | 0 |
_tSemina Ciencias Agrarias (Brazil) _xISSN 1676-546X _g(Jan-Jun 2001), v. 22(1) p. 23-33 _wBR0301739 |
|
| 909 |
_a202311 _bLúcia _c55 _dLúcia Elande |
||
| 942 |
_2AGRIS _n0 _cANA |
||
| 999 |
_c174165 _d174165 |
||